IFM Opac

Economics: (Record no. 22123)

MARC details
000 -LEADER
fixed length control field 00401nam a22001457a 4500
020 ## - INTERNATIONAL STANDARD BOOK NUMBER
ISBN 978-1-292-16559-2
082 ## - DEWEY DECIMAL CLASSIFICATION NUMBER
Classification number 330
100 ## - MAIN ENTRY--AUTHOR NAME
Personal name O`Sullivan, Arthur
245 ## - TITLE STATEMENT
Title Economics:
Sub Title principles, application and tools
250 ## - EDITION STATEMENT
Edition statement 9th
260 ## - PUBLICATION, DISTRIBUTION, ETC. (IMPRINT)
Place of publication Edinburgh Gate:
Name of publisher Pearson Education Limited,
Year of publication 2018
300 ## - PHYSICAL DESCRIPTION
Number of Pages 765p.: ill.; 28cm
700 ## - ADDED ENTRY--PERSONAL NAME
Personal name Sheffrin, Steven M. & Perez, Stephen J.
942 ## - ADDED ENTRY ELEMENTS (KOHA)
Koha item type Books
Holdings
Withdrawn status Lost status Damaged status Not for loan Collection code Permanent Location Current Location Shelving location Date acquired Source of acquisition Full call number Accession Number Price effective from Koha item type
        Non-fiction IFM Main Campus Library IFM Main Campus Library Work Room processing 01/08/2026 Purchasd 330 O`SU 0000030585 01/08/2026 Books
        Non-fiction IFM Main Campus Library IFM Main Campus Library Work Room processing 01/08/2026 Purchasd 330 O`SU 0000030584 01/08/2026 Books
        Non-fiction IFM Main Campus Library IFM Main Campus Library Work Room processing 01/08/2026 Purchasd 330 O`SU 0000030586 01/08/2026 Books